000 00790nam a2200217 i 4500
001 145914
003 ES-MaACL
005 20230906201344.0
007 t|
008 071017s1980 mx ||||1| spa d
100 1 _aVega, Pedro de.
_9113579
245 1 0 _aEstudios políticos constitucionales /
_cPedro de Vega García.
250 _a[1ª ed.].
260 _aMéxico :
_bUniversidad Nacional Autónoma de México,
_c1980.
300 _a309 p. ;
_c23 cm.
490 1 _aInstituto de Investigaciones Históricas. Serie G, Estudios doctrinales ;
_v42
710 2 _aUniversidad Nacional Autónoma de México.
_97397
830 0 _aInstituto de Investigaciones Históricas. Serie G, Estudios doctrinales ;
_v42
_9220802
852 _aES-MaACL
_jL-8811
_bR.110328
999 _c145914
_d145914